Statistiche per Quiz Cultura Generale - Quiz n°71

Clicka qui per fare il quiz!

Statistiche generali

  • Questo quiz è stato fatto 59 volte
  • Il punteggio medio è 11 su 15

Statistiche sulle risposte

DomandaRisposta% Corretto
Nei proverbi italiani, cosa non piglia uno che dorme?Pesci
100%
In quale stagione si svolge il Festival di Sanremo?Inverno
89%
Chi ha condotto il programma televisivo "Art Attack" in Italia?Giovanni Muciaccia
87%
In quale città si trova l'Università più antica d'Italia?Bologna
80%
Quale corsa ciclistica è organizzata dalla "Gazzetta dello Sport"?Giro d'Italia
80%
Completa la famosa frase latina: "Ave, Caesar, morituri te ..."Salutant
80%
Chi fondò l'associazione Giovine Italia a Marsiglia nel 1831?Giuseppe Mazzini
72%
Quale animale domestico è stato il primo ad essere clonato nel 1996?Pecora
70%
Come si può tradurre la locuzione latina "Pecunia non olet"?Il denaro non ha odore
69%
Quale pesci risalgono i fiumi dal mare per deporvi le uova?Salmoni
69%
Oltre ai bastoncelli, quali altri fotorecettori si trovano sulla retina?Coni
61%
Quante sono le province calabresi?5
56%
In quale regione italiana si trova Mondovì?Piemonte
52%
In quale stato si trova la penisola di Bassa California?Messico
46%
Quale partito vinse le prima elezioni politiche della Repubblica Italiana?Democrazia Cristiana
41%

Distribuzione punteggi

Percentile per numero di risposta

Percentuale di utenti per punteggio

I tuoi punteggi nel tempo

Non hai fatto questo quiz